Estadísticas para Exportaciones de Armas - Estados Unidos

Haz click aquí para tomar la prueba!

Estadísticas generales

  • Esta prueba ha sido tomada 52 veces
  • La puntuación promedio es 12 de 18

Estadísticas de respuestas

PuestoBeneficiario% Correcto
10Reino Unido
90%
7Japón
86%
1Arabia Saudita
84%
2Corea del Sur
84%
14Israel
84%
8Turquía
78%
5Irak
76%
15Canadá
72%
13Egipto
72%
3Australia
70%
11India
70%
4Emiratos Árabes
Unidos
56%
12Pakistán
54%
18Kuwait
52%
9Taiwán
52%
16Afganistán
48%
17Catar
46%
6Singapur
24%

Distribución de puntuación

Porcentaje por número respondido

Porcentaje de gente con cada puntuación

Historial de tus puntuaciones

No has tomado esta prueba